Αγνωστα μεγαλουργήματα των αρχαίων ελλήνων
Αποθηκεύτηκε σε:
| Κύριος συγγραφέας: | |
|---|---|
| Μορφή: | Βιβλίο |
| Γλώσσα: | Greek |
| Δημοσίευση: |
Αθήνα :
Πύρινος Κόσμος,
1981.
|
| Θέματα: | |
| Ετικέτες: |
Προσθήκη ετικέτας
Δεν υπάρχουν, Καταχωρήστε ετικέτα πρώτοι!
|
MARC
| LEADER | 00000cam a2200000 i 4500 | ||
|---|---|---|---|
| 001 | 1/44134 | ||
| 008 | 950505s1981 gr | ||| |||| ||gre|| | ||
| 035 | |a 1995 |c ΚΟΝΙΟΡΔΟΣ |l 10042205 | ||
| 040 | |a GR-MyUA |b gre |e AACR2 | ||
| 041 | 0 | |a gre | |
| 082 | 0 | |a 510.9 | |
| 100 | 1 | |a Μανιάς, Θεοφάνης Ν., |d 1912-1985. | |
| 245 | 1 | 0 | |a Αγνωστα μεγαλουργήματα των αρχαίων ελλήνων / |c Θεοφάνης Μανιάς. |
| 260 | |a Αθήνα : |b Πύρινος Κόσμος, |c 1981. | ||
| 300 | |a 239 σ. ; |c 24 εκ. | ||
| 650 | 0 | 0 | |a Mathematics |x History. |
| 650 | 0 | 0 | |a Mathematics, Greek. |
| 650 | 0 | 0 | |a Science and civilization. |
| 852 | |a INST |b SAMOS |e 19950505 |h 510.9 ΜΑΝ |p 005300005581 |q 005300005581 |t BK |y 0 | ||
| 909 | |a Σ |b 040605 | ||